| 000 | 00690nam a22002297a 4500 | ||
|---|---|---|---|
| 999 |
_c4746 _d4746 |
||
| 001 | 3708 | ||
| 003 | BD-DhUAP | ||
| 005 | 20201118150120.0 | ||
| 008 | 201118s1991 ii a|||| |||| 000 0 eng d | ||
| 040 |
_aBD-DhUAP _bEng _cBD-DhUAP _dBD-DhUAP |
||
| 082 |
_223 _a543.85 SRI |
||
| 100 | _aSrivastava, V. K. | ||
| 245 |
_aIntroduction to chromatography : _btheory and practice / _cV. K. Srivastava and K. Kishore. |
||
| 250 | _a4th ed. | ||
| 260 |
_aNew Delhi : _bS. Chand & Co., _cc1991. |
||
| 300 |
_a154 pages : _billustrations ; _c21 cm. |
||
| 650 | _aGas chromatography. | ||
| 650 | _aLiquid chromatography. | ||
| 650 | _aPaper chromatography. | ||
| 700 | _aKishore, K. | ||
| 942 |
_2ddc _cBK |
||